000 00825nam a22002777a 4500
001 BR7603476
003 BR-BrBNA
005 20230928085029.0
007 ta
008 230509b bl.||||| |||| 00| 0 por d
040 _aBR-BrBNA
_bpor
_cBiblioteca Nacional de Agricultura
041 _a(Por)
072 _aE30; L70
_b/G514
090 _ E30 BR7603476
110 1 _aBrasvacin - Laboratorio Brasileiro de Vacinas S.A., Campinas, SP (Brasil)
_91296
245 1 _aProjeto de implantacao do Parque Industrial [vacina, orcamento, Brasil]
260 3 _aCampinas, SP (Brasil):
_c1976.
300 _av. 1-3
650 _aPROJETO INDUSTRIAL
650 _aDESENVOLVIMENTO INDUSTRIAL
650 _aVACINA
650 _aMERCADO INTERNACIONAL
650 _aORCAMENTO
909 _a202309
_bLucia
_c55
_dLucia Elande
942 _cBK
999 _c22468
_d22468